Vainqueurs de la Coupe du Monde de Ski Alpin (Hommes) - Statistiques

Statistiques générales
  • Ce quiz a été pris 75 fois
  • Le résultat moyen est 24 sur 59
Statistiques - réponses
Année Nat Vainqueur % Correct
2022 SUI Marco Odermatt
98%
2023 SUI Marco Odermatt
98%
2024 SUI Marco Odermatt
98%
2025 SUI Marco Odermatt
98%
2021 FRA Alexis Pinturault
95%
2012 AUT Marcel Hirscher
84%
2013 AUT Marcel Hirscher
84%
2014 AUT Marcel Hirscher
84%
2015 AUT Marcel Hirscher
84%
2016 AUT Marcel Hirscher
84%
2017 AUT Marcel Hirscher
84%
2018 AUT Marcel Hirscher
84%
2019 AUT Marcel Hirscher
84%
2020 NOR Alexander Aamodt Kilde
68%
2005 USA Bode Miller
63%
2008 USA Bode Miller
63%
1967 FRA Jean-Claude Killy
62%
1968 FRA Jean-Claude Killy
62%
1997 FRA Luc Alphand
57%
1998 AUT Hermann Maier
54%
2000 AUT Hermann Maier
54%
2001 AUT Hermann Maier
54%
2004 AUT Hermann Maier
54%
2011 CRO Ivica Kostelić
48%
2007 NOR Aksel Lund Svindal
46%
2009 NOR Aksel Lund Svindal
46%
1995 ITA Alberto Tomba
40%
2010 SUI Carlo Janka
35%
1976 SUE Ingemar Stenmark
27%
1977 SUE Ingemar Stenmark
27%
1978 SUE Ingemar Stenmark
27%
1985 LUX Marc Girardelli
24%
1986 LUX Marc Girardelli
24%
1989 LUX Marc Girardelli
24%
1991 LUX Marc Girardelli
24%
1993 LUX Marc Girardelli
24%
1984 SUI Pirmin Zurbriggen
24%
1987 SUI Pirmin Zurbriggen
24%
1988 SUI Pirmin Zurbriggen
24%
1990 SUI Pirmin Zurbriggen
24%
1994 NOR Kjetil André Aamodt
19%
2006 AUT Benjamin Raich
14%
1971 ITA Gustav Thöni
10%
1972 ITA Gustav Thöni
10%
1973 ITA Gustav Thöni
10%
1975 ITA Gustav Thöni
10%
1996 NOR Lasse Kjus
8%
1999 NOR Lasse Kjus
8%
1992 SUI Paul Accola
8%
2002 AUT Stephan Eberharter
8%
2003 AUT Stephan Eberharter
8%
1969 AUT Karl Schranz
6%
1970 AUT Karl Schranz
6%
1981 USA Phil Mahre
6%
1982 USA Phil Mahre
6%
1983 USA Phil Mahre
6%
1980 LIE Andreas Wenzel
3%
1979 SUI Peter Lüscher
3%
1974 ITA Piero Gros
3%
Aucun quiz correspondant
Distribution des résultats
% des personnes avec chaque résultat
Percentile par nombre de réponses
Votre historique - résultats
Vous n’avez pas pris ce quiz